Návrh efektívnej implementácie manažérskych systémov podľa STN EN 9100:2018 v MASAM, s.r.o.

Uložené v:
Podrobná bibliografia
Hlavný autor: Barančíková, Katarína (Autor)
Ďalší autori: Pauliková, Alena (Vedúci práce)
Médium: Rukopis Kniha
Jazyk:Slovak
Vydavateľské údaje: 2025
Predmet:
On-line prístup:http://is.stuba.sk/zp/portal_zp.pl?podrobnosti=177787
Tagy: Pridať tag
Žiadne tagy, Buďte prvý, kto otaguje tento záznam!

MARC

LEADER 00000ntm a22000003a 4500
001 stuzp97395
003 SK-STU
005 20250614210445.0
007 ta
008 150427s2015----xo-----f-mn---000-0-slo-d
040 |a STU  |b slo 
041 0 |a slo 
100 1 |a Barančíková, Katarína  |u 064000  |4 aut  |U MTF Materiálovotechnologická fakulta  |T MTF Ústav priemyselného inžinierstva a manažmentu  |X 103240  |U M4000  |Y 84  |7 103240 
242 0 1 |a Proposal for effective implementation of management systems according to STN EN 9100:2018 in MASAM, Ltd.  |y eng 
245 1 0 |a Návrh efektívnej implementácie manažérskych systémov podľa STN EN 9100:2018 v MASAM, s.r.o. 
260 |c 2025 
650 4 |a Aerospace  |2 eng 
650 4 |a Counterfeits  |2 eng 
650 4 |a AS/EN 9100D  |2 eng 
650 4 |a 5s  |2 eng 
650 4 |a Quality management systems  |2 eng 
650 4 |a aerospace  |2 slo 
650 4 |a 5s  |2 slo 
650 4 |a manažérske systémy kvality  |2 slo 
650 4 |a falzifikáty  |2 slo 
650 4 |a AS/EN 9100D  |2 slo 
700 1 |a Pauliková, Alena  |u 064000  |k Z1  |4 ths  |U MTF Materiálovotechnologická fakulta  |T MTF Ústav priemyselného inžinierstva a manažmentu  |X 77968  |U M4000  |Y 84  |7 77968 
856 4 |u http://is.stuba.sk/zp/portal_zp.pl?podrobnosti=177787 
996 |c M* DP-15483  |l MMSKP  |s P  |a 0  |w stuzp97395_0001